| 000 | 00329nam a22001217a 4500 | ||
|---|---|---|---|
| 999 |
_c5062 _d5062 |
||
| 008 | 250516b ||||| |||| 00| 0 eng d | ||
| 020 | _a9781499483291 | ||
| 082 | _a621.8 WES | ||
| 100 |
_aWEST,DAVID _eAUTHOR |
||
| 245 | _aINSIDE MACHINES,DIGGER AND OTHER MIGHTY MACHINES | ||
| 260 |
_aNEW YORK _bWINDMILL BOOKS _c2018 |
||
| 942 | _2ddc | ||